Biometric studies on U.S. Army Officers /

Сохранить в:
Библиографические подробности
Главный автор: Reed, Lowell J.
Корпоративные авторы: United States. Army. Surgeon-General's Office, Johns Hopkins University. Dept. of Biostatistics
Другие авторы: Love, Albert G.
Формат:
Язык:English
Опубликовано: Baltimore, Md. : Dept. of Biostatistics of School of Hygiene and Public Health of Johns Hopkins University : Office of Surgeon General of United States Army, 1931.
Предметы:
LEADER 01747cam a2200385 a 4500
001 c000403868
003 CARM
005 20190415153538.0
008 190415s1931 mdu 000 0 eng d
019 1 |a 25954907  |5 LACONCORD2021 
035 |a (OCoLC)224129145  |5 LACONCORD2021 
040 |a VCAV  |b eng  |c VCAV 
043 |a n-us--- 
082 0 4 |a 612.68088355  |2 22 
100 1 |a Reed, Lowell J. 
245 1 0 |a Biometric studies on U.S. Army Officers /  |c Lowell J. Reed and Albert G. Love. 
246 3 |a Longevity in relation to physical fitness 
260 |a Baltimore, Md. :  |b Dept. of Biostatistics of School of Hygiene and Public Health of Johns Hopkins University :  |b Office of Surgeon General of United States Army,  |c 1931. 
300 |a p. [121]-143 ;  |c 23 cm. 
500 |a "Delivered before Medical Section, American Life Convention, May, 1931"--Cover. 
500 |a Cover title. 
500 |a Caption title: Biometric studies on U.S. Army Officers : longevity in relation to physical fitness. 
610 1 0 |a United States.  |b Army  |x Medical examinations. 
650 0 |a Physical fitness. 
650 0 |a Longevity. 
650 0 |a Soldiers  |z United States  |x Health and hygiene. 
700 1 |a Love, Albert G. 
710 1 |a United States.  |b Army.  |b Surgeon-General's Office. 
710 2 |a Johns Hopkins University.  |b Dept. of Biostatistics. 
852 8 |b CARM  |i B12754  |p 0654449  |f BK 
852 8 |b SCAN  |h A3:AI01B0  |i B12754  |p 0654449  |f BK 
852 8 |b SCAN  |h A3:AI01B0  |i B12754  |p 0654449  |f BK 
999 f f |i 0c722361-caaf-502c-a067-28243ed457bb  |s ae42362d-7f24-545c-aa4c-9bb53ae0a290 
952 f f |p Can circulate  |a CAVAL  |b CAVAL  |c CAVAL  |d CARM 1 Store  |e B12754  |h Other scheme  |i book  |m 0654449 
952 f f |a CAVAL  |b CAVAL  |c CAVAL  |d Unmapped Location  |e B12754  |f A3:AI01B0  |h Other scheme